000 00381cam a2200157ua 4500
041 _aeng
_h
082 _a821
_bCRA/NE
100 _aCrabbe, George .
245 _aNew poems /
_cGeorge crabbe.
_hTextual Documents
250 _a1 /
_b.
260 _aLiverpool-7 :
_bLiverpool university press ,
_c1960.
300 _a189 ; .
504 _a
942 _cBK
999 _c4023
_d4023